[Event "Tecumseh (RVO/5/13)"]
[Site "?"]
[Date "1997.??.??"]
[Round "?"]
[White "Schulte, Michael"]
[Black "Smalec, Joseph"]
[Result "0-1"]
[WhiteElo "1605"]
[BlackElo "1605"]
[PlyCount "50"]
[EventDate "1997.??.??"]

{5/(13)} 1. d4 d5 2. c4 Nc6 3. Bf4 Nf6 4. e3 Bf5 5. Nf3 e6 6. Nc3 Bb4 7. a3
Bxc3+ 8. bxc3 O-O 9. Be2 Ne4 10. Qc1 Rc8 11. cxd5 exd5 12. O-O Re8 13. c4 Be6
14. Ne5 Nxe5 15. Bxe5 dxc4 16. f3 Nd6 17. Bxd6 cxd6 18. Rb1 Re7 19. f4 Bf5 20.
Rb4 c3 21. Bf3 Rcc7 22. e4 Bxe4 23. Bxe4 Rxe4 24. Rf3 Qe7 25. Kf1 c2 0-1

[Event "Tecumseh (RVO/1/21)"]
[Site "?"]
[Date "1997.??.??"]
[Round "?"]
[White "Schulte, Michael"]
[Black "Ohlemacher, Scott"]
[Result "1-0"]
[WhiteElo "1605"]
[BlackElo "1605"]
[PlyCount "33"]
[EventDate "1997.??.??"]

{1/(21)} 1. d4 Nf6 2. c4 e6 3. Nc3 Bb4 4. e3 d5 5. Bd3 Bxc3+ 6. bxc3 O-O 7. Qc2
Nbd7 8. cxd5 exd5 9. Nf3 Nb6 10. Ng5 g6 11. h4 Re8 12. h5 Bg4 13. hxg6 fxg6 14.
Bxg6 Qe7 15. Bxe8 Rxe8 16. Nxh7 Nxh7 17. Qg6+ 1-0

[Event "Tecumseh (RVO/3/11)"]
[Site "?"]
[Date "1997.??.??"]
[Round "?"]
[White "Schulte, Michael"]
[Black "Kyser, Bob"]
[Result "1-0"]
[WhiteElo "1605"]
[BlackElo "1605"]
[PlyCount "93"]
[EventDate "1997.??.??"]

{3/(11)} 1. d4 g6 2. Nf3 Bg7 3. g3 Nf6 4. Bg2 d6 5. O-O Nc6 6. c4 Bf5 7. Nc3 a6
8. Re1 Nb4 9. e4 Bg4 10. d5 c6 11. a3 Qa5 12. Bg5 cxd5 13. exd5 Bf5 14. axb4
Qxb4 15. Qa4+ Qxa4 16. Nxa4 Nd7 17. Rxe7+ Kf8 18. Rxd7 Bxd7 19. Nb6 Rc8 20.
Nxd7+ Kg8 21. Re1 h6 22. Nf6+ Kf8 23. Nd7+ Kg8 24. Bf6 Bxf6 25. Nxf6+ Kg7 26.
Ne4 Rhd8 27. Bf1 Rd7 28. Nd4 Re8 29. Re3 f5 30. Nxf5+ gxf5 31. Nxd6 Rxe3 32.
Nxf5+ Kf6 33. Nxe3 h5 34. c5 Ke5 35. c6 bxc6 36. dxc6 Rc7 37. Bxa6 Rxc6 38. Bc4
Kd4 39. b3 Rb6 40. Kf1 Rg6 41. Ke2 Kc3 42. f4 Rd6 43. f5 Rd2+ 44. Kf3 Rxh2 45.
f6 Rd2 46. Nd5+ Kd4 47. f7 1-0

[Event "Michigan Senior"]
[Site "Ann Arbor, MI"]
[Date "1997.??.??"]
[Round "2.4"]
[White "Schell, Ken"]
[Black "Santiago, Reynaldo"]
[Result "1-0"]
[WhiteElo "1705"]
[BlackElo "2035"]
[PlyCount "73"]
[EventDate "1997.??.??"]

{2/(4)} 1. e4 c5 2. Nf3 d6 3. d4 cxd4 4. Nxd4 Nf6 5. Nc3 a6 6. Be2 e5 7. Nb3
Be7 8. O-O b5 9. f4 Bb7 10. fxe5 Qb6+ 11. Qd4 Qxd4+ 12. Nxd4 dxe5 13. Nf3 Nbd7
14. Bg5 Bc5+ 15. Kh1 Nxe4 16. Nxe4 Bxe4 17. c3 f6 18. Bh4 O-O 19. Nd2 Bg6 20.
Nb3 Bb6 21. a4 Bc2 22. Bd1 Bd3 23. Re1 Rae8 24. axb5 axb5 25. Na5 g5 26. Bb3+
Kg7 27. Bg3 f5 28. h3 f4 29. Bh2 e4 30. Nc6 Bf2 31. Red1 Nc5 32. Ra7+ Kh8 33.
Bd5 e3 34. b4 e2 35. Re1 Bxe1 36. Bg1 Bg3 37. Bd4+ 1-0

[Event "Lansing (MOR/7/5)"]
[Site "?"]
[Date "1997.??.??"]
[Round "?"]
[White "Schell, Ken"]
[Black "King, Edwin"]
[Result "1/2-1/2"]
[WhiteElo "1690"]
[BlackElo "1635"]
[PlyCount "71"]
[EventDate "1997.??.??"]

{7/(5)} 1. e4 d5 2. exd5 Nf6 3. Bb5+ Bd7 4. Bc4 Bg4 5. f3 Bf5 6. Nc3 c6 7. dxc6
Nxc6 8. d3 e6 9. Be3 Rc8 10. Nge2 Nd5 11. Nxd5 exd5 12. Bb3 d4 13. Bf2 Bb4+ 14.
Kf1 O-O 15. h4 Re8 16. Rc1 h5 17. Ng3 Bg6 18. Ne4 a5 19. a3 Bf8 20. g3 b5 21.
Kg2 a4 22. Ba2 Ne5 23. Rf1 b4 24. axb4 Bxb4 25. Ra1 Qc7 26. Bb1 Qd7 27. Ba2 Qc7
28. Bxd4 Qxc2+ 29. Qxc2 Rxc2+ 30. Rf2 Rxf2+ 31. Nxf2 Nxd3 32. Bb1 Nxf2 33. Bxg6
fxg6 34. Kxf2 Ra8 35. Rc1 Rd8 36. Rc4 1/2-1/2

[Event "Lansing (MOR/5/16)"]
[Site "?"]
[Date "1997.??.??"]
[Round "?"]
[White "Schell, Ken"]
[Black "Haygood, Norman"]
[Result "1-0"]
[WhiteElo "1690"]
[BlackElo "1605"]
[PlyCount "87"]
[EventDate "1997.??.??"]

{5/(16)} 1. e4 c6 2. d4 d5 3. exd5 cxd5 4. c4 Nf6 5. Bg5 Ne4 6. Be3 e6 7. Nf3
Bb4+ 8. Nbd2 O-O 9. Bd3 f5 10. g3 Nc6 11. O-O Bd6 12. c5 Bc7 13. Bf4 Bxf4 14.
gxf4 Qc7 15. Ne5 Rf6 16. Ndf3 Nxe5 17. Nxe5 Rh6 18. Kh1 Qe7 19. Nf3 Bd7 20. Qe2
Be8 21. Qe3 Bh5 22. Rg1 Bxf3+ 23. Qxf3 Qf6 24. Qe3 Qh4 25. Rg2 Qh3 26. Bf1 Qxe3
27. fxe3 Rh3 28. Rxg7+ Kxg7 29. Bxh3 Kf6 30. Kg2 Rg8+ 31. Kf3 Rg6 32. Rh1 Ke7
33. Ke2 Rh6 34. Bg2 Rg6 35. Bxe4 fxe4 36. Kf2 Kf6 37. Rg1 Rxg1 38. Kxg1 Kf5 39.
Kg2 Kg4 40. h3+ Kh4 41. b4 a6 42. a4 Kh5 43. b5 Kg6 44. c6 1-0

[Event "Michigan Senior"]
[Site "Ann Arbor, MI"]
[Date "1997.??.??"]
[Round "4.7"]
[White "Schell, Ken"]
[Black "Griffin, John"]
[Result "1/2-1/2"]
[WhiteElo "1705"]
[BlackElo "1605"]
[PlyCount "84"]
[EventDate "1997.??.??"]

{4/(7)} 1. e4 c5 2. Nf3 Nc6 3. d4 cxd4 4. Nxd4 Nf6 5. Nc3 e5 6. Ndb5 d6 7. Bg5
a6 8. Na3 b5 9. Nd5 Be7 10. Bxf6 Bxf6 11. c3 O-O 12. Be2 Bb7 13. O-O g6 14.
Nxf6+ Qxf6 15. Nc2 Ne7 16. Bf3 Rfd8 17. Ne3 Rac8 18. Qb3 Qe6 19. Nd5 Nxd5 20.
exd5 Qe7 21. Rfe1 Qc7 22. Rad1 Qc4 23. Be2 Qxb3 24. axb3 Kf8 25. c4 b4 26. Ra1
Rc5 27. Ra4 Ra8 28. Rxb4 Bc8 29. Ra1 f5 30. h4 Ke7 31. g3 Rc7 32. Rba4 Rb8 33.
b4 h5 34. b3 Bd7 35. Rxa6 Rxb4 36. Bd1 Bc8 37. R6a5 e4 38. Kf1 Kf6 39. Ke2 Bd7
40. Ke3 Rcb7 41. R5a3 Ke5 42. Bc2 R7b6 1/2-1/2

[Event "Lansing (MOR/1a/9)"]
[Site "?"]
[Date "1997.??.??"]
[Round "?"]
[White "Schell, Ken"]
[Black "Dolin, Jack"]
[Result "1-0"]
[WhiteElo "1690"]
[BlackElo "1605"]
[PlyCount "91"]
[EventDate "1997.??.??"]

1. e4 e6 2. d4 d5 3. e5 c5 4. c3 cxd4 5. cxd4 f6 6. Nf3 Bb4+ 7. Nc3 Qa5 8. Bd2
a6 9. Bd3 Nc6 10. a3 Bxc3 11. Bxc3 Qb6 12. O-O fxe5 13. Nxe5 Nxe5 14. dxe5 Ne7
15. Qh5+ g6 16. Qg5 Nf5 17. Bb4 Qd8 18. Qd2 a5 19. Bxf5 axb4 20. Bd3 bxa3 21.
Qh6 Qe7 22. Bxg6+ Kd8 23. bxa3 Rxa3 24. Rab1 Rf8 25. Qxh7 Qxh7 26. Bxh7 Rh8 27.
Bc2 Rh5 28. f4 Rc3 29. Ba4 Rc4 30. Bb5 Rc5 31. Be2 Rh8 32. Rf3 Kc7 33. Rfb3 Rc2
34. Bg4 Rc4 35. g3 Rc2 36. h3 d4 37. Rd3 Rd8 38. Rb4 Kc6 39. Rbxd4 Rc1+ 40. Kg2
Rxd4 41. Rxd4 b5 42. Rd6+ Kc5 43. Bf3 Rc2+ 44. Kf1 Kb4 45. Rc6 Kb3 46. Bd1 1-0

[Event "Lansing (MOR/3/7)"]
[Site "?"]
[Date "1997.??.??"]
[Round "?"]
[White "Schell, Ken"]
[Black "Bedy, N."]
[Result "1/2-1/2"]
[WhiteElo "1690"]
[BlackElo "1605"]
[PlyCount "80"]
[EventDate "1997.??.??"]

{3/(7)} 1. e4 d5 2. exd5 Nf6 3. Bb5+ Bd7 4. Bc4 Bg4 5. f3 Bf5 6. Nc3 Nbd7 7.
Qe2 Nb6 8. Bb3 Nbxd5 9. Qb5+ Bd7 10. Qxb7 Nxc3 11. bxc3 e5 12. d4 Bd6 13. Bg5
O-O 14. Ne2 exd4 15. cxd4 Qe7 16. Kf2 a5 17. Bxf6 Qxf6 18. Bd5 Rab8 19. Qa7 a4
20. c3 g6 21. g3 Rb2 22. Rab1 Rfb8 23. Qxb8+ Rxb8 24. Rxb8+ Kg7 25. Ra8 Qf5 26.
Be4 Qb5 27. Rb1 Qc4 28. Rab8 Qxa2 29. R1b2 Qc4 30. Ke3 a3 31. Rb1 Qa4 32. c4 a2
33. Ra1 Qa3+ 34. Kf2 Be5 35. dxe5 Qa7+ 36. Kg2 Qxb8 37. Rxa2 c5 38. Nf4 Qxe5
39. Rd2 Bf5 40. Bd5 Qc3 1/2-1/2

[Event "Kalamazoo (MI Am/5/29)"]
[Site "?"]
[Date "1997.??.??"]
[Round "?"]
[White "Schaalma, S."]
[Black "Lueer, Michael"]
[Result "0-1"]
[WhiteElo "1605"]
[BlackElo "1605"]
[PlyCount "110"]
[EventDate "1997.??.??"]

{5/(29)} 1. Nc3 d5 2. e3 e5 3. d4 e4 4. Bd2 Nf6 5. h3 Bd6 6. g3 Nc6 7. a3 Be6
8. Qe2 Qe7 9. Nb5 O-O 10. Bg2 a6 11. Nxd6 Qxd6 12. f3 Qxg3+ 13. Kd1 exf3 14.
Nxf3 Ne4 15. Be1 Qd6 16. Rg1 Ne7 17. Bf1 Nf5 18. Nh4 Nfg3 19. Bxg3 Nxg3 20. Qf3
Nxf1 21. Qxf1 g6 22. c3 Qd7 23. Rh1 Qa4+ 24. Kd2 Qb5 25. Qc1 c5 26. a4 Qa5 27.
Qc2 Qc7 28. Rag1 cxd4 29. exd4 Qf4+ 30. Kd1 Qxh4 31. Qd3 Qh5+ 32. Kd2 b5 33.
Rg3 Bf5 34. Qe3 Rfe8 35. Qf2 Qh6+ 36. Kd1 bxa4 37. h4 Rab8 38. Rg5 a3 39. b4
Rbc8 40. Qg3 f6 41. Rxf5 a2 42. Kc2 Re2+ 43. Kb3 Qd2 44. Ka4 Qc2+ 45. Ka5 Qxf5
46. h5 Qb1 47. Qd6 a1=Q+ 48. Kb6 Rb8+ 49. Qxb8+ Kf7 50. Qc7+ Re7 51. Qd6 Qxh1
52. hxg6+ hxg6 53. Qd8 Qxc3 54. Ka5 Qha1+ 55. Kb6 Qxb4+ 0-1

[Event "Kalamazoo (MI Am/3/39)"]
[Site "?"]
[Date "1997.??.??"]
[Round "?"]
[White "Schaalma, S."]
[Black "Kruer, M."]
[Result "1-0"]
[WhiteElo "1605"]
[BlackElo "1605"]
[PlyCount "57"]
[EventDate "1997.??.??"]

{3/(39)} 1. Nc3 e5 2. e4 Nf6 3. d3 Bc5 4. Nf3 Ng4 5. Be3 Bxe3 6. fxe3 Nxe3 7.
Qe2 Nxf1 8. Rxf1 O-O 9. Nxe5 d6 10. Nf3 Bg4 11. O-O-O Bxf3 12. Qxf3 Qg5+ 13.
Rd2 Nc6 14. Qf5 Qh6 15. g4 Nd4 16. Qf4 Qh3 17. Ne2 Nxe2+ 18. Rxe2 Rae8 19. Ref2
h6 20. Rf3 Qh4 21. Qe3 a5 22. R1f2 Re6 23. Rh3 Qxg4 24. Rg3 Qh4 25. Rfg2 g6 26.
Rg4 Qh5 27. R4g3 Kg7 28. Rh3 Qe5 29. Qxh6+ 1-0

[Event "Kalamazoo (MI Am/1/36)"]
[Site "?"]
[Date "1997.??.??"]
[Round "?"]
[White "Schaalma, S."]
[Black "Berndt, Harry"]
[Result "0-1"]
[WhiteElo "1605"]
[BlackElo "1605"]
[PlyCount "58"]
[EventDate "1997.??.??"]

{1/(36)} 1. Nc3 e5 2. e3 Nf6 3. f3 d5 4. Nge2 Nc6 5. d4 Bb4 6. a3 Ba5 7. b4 Bb6
8. dxe5 Nxe5 9. Nd4 O-O 10. Be2 a6 11. O-O Nc6 12. Nxc6 bxc6 13. Qe1 Re8 14.
Nd1 d4 15. Bb2 dxe3 16. c4 Bd4 17. Nc3 Qe7 18. Rd1 c5 19. Qh4 Be5 20. Rc1 Bd4
21. Rfe1 Bf5 22. g4 Bc8 23. Kh1 Bb7 24. g5 Nd7 25. Bd3 Bxf3+ 26. Kg1 e2+ 27.
Qxd4 cxd4 28. Nd5 Qxg5+ 29. Kf2 Qg2# 0-1

[Event "Lansing (MOR/7/23)"]
[Site "?"]
[Date "1997.??.??"]
[Round "?"]
[White "Saylor, Oliver"]
[Black "Smith, Robert"]
[Result "1-0"]
[WhiteElo "1605"]
[BlackElo "1605"]
[PlyCount "49"]
[EventDate "1997.??.??"]

{7/(23)} 1. e4 c5 2. Nf3 d6 3. h3 Nc6 4. c3 Nf6 5. d3 e6 6. Be3 Be7 7. Be2 O-O
8. O-O a6 9. d4 cxd4 10. cxd4 Nxe4 11. Nc3 Nxc3 12. bxc3 Bd7 13. Bd3 Bf6 14.
Qb1 h6 15. Qxb7 Na5 16. Qe4 Re8 17. Nh2 Bg5 18. Ng4 f5 19. Nxh6+ gxh6 20. Qf3
Kh7 21. g3 Bc6 22. Qh5 Bxe3 23. fxe3 Be4 24. Bxe4 fxe4 25. Rf7+ 1-0

[Event "Michigan Senior"]
[Site "Ann Arbor, MI"]
[Date "1997.??.??"]
[Round "3.9"]
[White "Saylor, Oliver"]
[Black "Jointer, William"]
[Result "0-1"]
[WhiteElo "1605"]
[BlackElo "1670"]
[PlyCount "35"]
[EventDate "1997.??.??"]

{3/(9)} 1. e4 c5 2. Nf3 Nc6 3. d4 cxd4 4. Nxd4 Nf6 5. Nc3 g6 6. Be3 Bg7 7. Be2
O-O 8. f4 Qa5 9. Bf3 d6 10. Qd2 Ng4 11. Nb3 Qd8 12. Bxg4 Bxg4 13. h3 Bd7 14.
O-O-O a6 15. Ne2 Rc8 16. Kb1 a5 17. Nbd4 Qc7 18. c3 {[Remainder illegible]} 0-1

[Event "Lansing (MOR/5/13)"]
[Site "?"]
[Date "1997.??.??"]
[Round "?"]
[White "Saylor, Oliver"]
[Black "Janes, L."]
[Result "0-1"]
[WhiteElo "1605"]
[BlackElo "1605"]
[PlyCount "114"]
[EventDate "1997.??.??"]

{5/(13)} 1. e4 e6 2. d4 d5 3. e5 c5 4. c3 Nc6 5. Nf3 Qb6 6. Qb3 Qxb3 7. axb3
cxd4 8. cxd4 Bb4+ 9. Bd2 Nge7 10. Nc3 Nf5 11. Bb5 Bd7 12. Bxc6 Bxc6 13. O-O O-O
14. Rfd1 a6 15. Na4 Bxd2 16. Rxd2 Bxa4 17. bxa4 Rfc8 18. Ne1 Rc4 19. Nc2 Rac8
20. g4 Rxc2 21. Rxc2 Rxc2 22. gxf5 Rxb2 23. fxe6 fxe6 24. Kg2 Rb4 25. a5 Kf7
26. Rc1 Kg6 27. Rc7 Rxd4 28. Kg3 b5 29. axb6 Rb4 30. Rc6 Kf5 31. f4 a5 32. Kf3
a4 33. Rc7 Rb3+ 34. Ke2 Kxf4 35. b7 a3 36. Rf7+ Kxe5 37. Rf3 Rb2+ 38. Kd1 Rxb7
39. Rxa3 Ke4 40. Ra2 d4 41. Re2+ Kd5 42. Ke1 e5 43. Kf2 e4 44. Kg3 Rf7 45. Ra2
d3 46. Ra5+ Kd4 47. Ra4+ Ke3 48. Ra3 Ke2 49. Ra5 d2 50. Re5 e3 51. Rd5 d1=Q 52.
Rxd1 Kxd1 53. h4 e2 54. h5 e1=Q+ 55. Kg4 Qg1+ 56. Kh4 Rf2 57. Kh3 Rh2# 0-1

[Event "Michigan Senior"]
[Site "Ann Arbor, MI"]
[Date "1997.??.??"]
[Round "4.12"]
[White "Saylor, Oliver"]
[Black "Iyer, Krishnan"]
[Result "0-1"]
[WhiteElo "1605"]
[BlackElo "1605"]
[PlyCount "130"]
[EventDate "1997.??.??"]

{4/(12)} 1. e4 c5 2. Nf3 Nc6 3. d4 cxd4 4. Nxd4 g6 5. Nc3 Bg7 6. Be3 Nf6 7. Bc4
O-O 8. Qd2 d6 9. Nxc6 bxc6 10. Bh6 Bxh6 11. Qxh6 Ng4 12. Qd2 Be6 13. Be2 Nf6
14. h3 Qc7 15. b3 d5 16. exd5 Nxd5 17. Ne4 Nf4 18. Bf3 Rfd8 19. Qc3 Bd5 20. g3
Ne6 21. h4 h5 22. O-O-O Qb6 23. Rh2 a5 24. a4 Rd7 25. Ng5 Nxg5 26. hxg5 Rad8
27. g4 Bxf3 28. Rxd7 Rxd7 29. Qxf3 Qd4 30. Kb1 Qd1+ 31. Qxd1 Rxd1+ 32. Kb2 hxg4
33. Kc3 Rd5 34. Rh1 Rf5 35. b4 Rxg5 36. bxa5 Rxa5 37. Kb4 Ra6 38. a5 f5 39. Rd1
Kf7 40. Rd7 Ke6 41. Rb7 Kd6 42. Rb6 Ra8 43. a6 f4 44. Ka5 g3 45. fxg3 f3 46.
Rb3 Rf8 47. a7 Kc7 48. Rb1 f2 49. Rf1 Kb7 50. Kb4 Kxa7 51. Kc4 Kb6 52. Kd4 Kb5
53. Ke3 Kc4 54. g4 Kc3 55. Rxf2 Rxf2 56. Kxf2 Kxc2 57. Ke3 c5 58. Kf4 Kd3 59.
Kg5 c4 60. Kxg6 c3 61. Kf7 c2 62. g5 c1=Q 63. g6 Qg5 64. g7 Qxg7+ 65. Kxg7 e5
0-1

[Event "Lansing (MOR/2/21)"]
[Site "?"]
[Date "1997.??.??"]
[Round "?"]
[White "Saylor, Oliver"]
[Black "Hayes, P."]
[Result "1-0"]
[WhiteElo "1605"]
[BlackElo "1610"]
[PlyCount "94"]
[EventDate "1997.??.??"]

{2/(21)} 1. e4 e5 2. Nf3 d6 3. Bc4 Nf6 4. d3 c6 5. Bg5 Be7 6. Nc3 b5 7. Bxf6
Bxf6 8. Bb3 a5 9. a3 Qe7 10. h3 Be6 11. Bxe6 Qxe6 12. O-O Nd7 13. Re1 O-O 14.
d4 exd4 15. Nxd4 Qc4 16. Nf3 Ne5 17. Re3 Nxf3+ 18. Rxf3 Be5 19. Rb1 Qe6 20. Ne2
Qg6 21. Re3 Rad8 22. f4 Bf6 23. Qe1 c5 24. Qxa5 Bd4 25. Nxd4 cxd4 26. Re2 Qh5
27. Rd2 Rc8 28. Qb4 Qh6 29. Rf1 Rc4 30. Qxb5 Rfc8 31. b3 R4c5 32. Qd3 Qf6 33.
Qxd4 Rxc2 34. Qxf6 gxf6 35. Rxd6 Kg7 36. Rf3 R2c3 37. Rxc3 Rxc3 38. Rb6 Re3 39.
Rb4 f5 40. e5 Rc3 41. a4 Rc8 42. a5 Kf8 43. Rb7 Ra8 44. b4 h6 45. Kf2 Ra6 46.
Rb6 Ra8 47. Rxh6 Rb8 1-0

[Event "Lansing (MOR/6/19)"]
[Site "?"]
[Date "1997.??.??"]
[Round "?"]
[White "Saylor, Oliver"]
[Black "Foord, Allan"]
[Result "0-1"]
[WhiteElo "1605"]
[BlackElo "1605"]
[PlyCount "88"]
[EventDate "1997.??.??"]

{6/(19)} 1. e4 c5 2. Nf3 d6 3. d3 Nc6 4. Nc3 e6 5. Be3 Nf6 6. d4 cxd4 7. Nxd4
a6 8. Nxc6 bxc6 9. Be2 Be7 10. O-O O-O 11. Bf3 Rb8 12. Rb1 Qc7 13. Ne2 Rd8 14.
c4 Qa5 15. a3 Qe5 16. Nd4 Bb7 17. Qd3 c5 18. Ne2 Bxe4 19. Bxe4 Qxe4 20. Qxe4
Nxe4 21. b4 cxb4 22. f3 Nc3 23. Nxc3 bxc3 24. Bd4 Bf6 25. Bxf6 gxf6 26. Rfc1
Rxb1 27. Rxb1 Rc8 28. Kf2 Rxc4 29. Ke2 d5 30. Kd3 e5 31. Rc1 c2 32. Rxc2 Rxc2
33. Kxc2 f5 34. Kc3 Kf8 35. f4 e4 36. h3 Ke7 37. g4 fxg4 38. hxg4 Kd6 39. Kd4
f6 40. f5 h6 41. a4 a5 42. Kc3 Ke5 43. Kb3 e3 44. Kc3 Ke4 0-1

[Event "Michigan Senior"]
[Site "Ann Arbor, MI"]
[Date "1997.??.??"]
[Round "1.14"]
[White "Sattler, Peter"]
[Black "Yufa, Leonid"]
[Result "0-1"]
[WhiteElo "1665"]
[BlackElo "1605"]
[PlyCount "90"]
[EventDate "1997.??.??"]

{1/(14)} 1. e4 c5 2. Nf3 d6 3. d4 cxd4 4. Nxd4 a6 5. Nc3 Nf6 6. f3 e5 7. Nb3
Nc6 8. Be3 Be7 9. Qd2 O-O 10. Bc4 b5 11. Be2 Be6 12. Nd5 Bxd5 13. exd5 Nb8 14.
O-O-O Nbd7 15. Na5 Rc8 16. Nc6 Qe8 17. Qa5 Ra8 18. Kb1 Bd8 19. Nxd8 Qxd8 20.
Qxd8 Rfxd8 21. Bd3 Rac8 22. Bf5 Rc7 23. c3 g6 24. Bc2 Rdc8 25. a3 Nc5 26. Bg5
Kg7 27. Rhe1 a5 28. f4 Re8 29. fxe5 Rxe5 30. Rxe5 dxe5 31. h3 Rd7 32. Bxf6+
Kxf6 33. b4 axb4 34. axb4 Nb7 35. Bb3 Nd6 36. g4 e4 37. Kc2 Ke5 38. Kd2 f5 39.
gxf5 gxf5 40. Rg1 Nc4+ 41. Bxc4 bxc4 42. Rg3 Rxd5+ 43. Kc2 Rd3 44. Rxd3 exd3+
45. Kd2 f4 0-1

[Event "Michigan Senior"]
[Site "Ann Arbor, MI"]
[Date "1997.??.??"]
[Round "4.14"]
[White "Sattler, Peter"]
[Black "Bedy, N."]
[Result "0-1"]
[WhiteElo "1605"]
[BlackElo "1605"]
[PlyCount "36"]
[EventDate "1997.??.??"]

{4/(14)} 1. e4 d5 2. exd5 Nf6 3. d4 Bg4 4. f3 Bf5 5. c4 e6 6. dxe6 Nc6 7. exf7+
Kxf7 8. d5 Nb4 9. Na3 Bc5 10. Qd2 Re8+ 11. Kd1 Qd7 12. g4 Nxg4 13. fxg4 Bxg4+
14. Be2 Rxe2 15. Nxe2 Re8 16. Qf4+ Kg8 17. Bd2 Bxe2+ 18. Ke1 Nd3# 0-1

[Event "Michigan Senior"]
[Site "Ann Arbor, MI"]
[Date "1997.??.??"]
[Round "1.4"]
[White "Santiago, Reynaldo"]
[Black "Griffin, John"]
[Result "1-0"]
[WhiteElo "2035"]
[BlackElo "1605"]
[PlyCount "79"]
[EventDate "1997.??.??"]

{1/(4)} 1. e4 c5 2. Nc3 Nc6 3. g3 g6 4. Bg2 Bg7 5. d3 e6 6. Be3 d6 7. Qd2 Nge7
8. Bh6 O-O 9. h4 Rb8 10. h5 f5 11. Bxg7 Kxg7 12. hxg6 hxg6 13. Qh6+ Kf6 14. Nf3
Bd7 15. Ng5 Rh8 16. Nh7+ Kf7 17. Nb5 Bc8 18. Nxd6+ Qxd6 19. Ng5+ Ke8 20. Qxh8+
Kd7 21. Nf7 Qd4 22. Qxd4+ Nxd4 23. O-O-O Kc7 24. Ne5 Ndc6 25. Nxc6 bxc6 26. Rh7
Kd8 27. exf5 gxf5 28. Rdh1 Bd7 29. Rg7 Be8 30. Rhh7 Nc8 31. Rh8 Ne7 32. Bf3 Rc8
33. Bh5 Kd7 34. Rhh7 Bxh5 35. Rxe7+ Kd8 36. Rd7+ Ke8 37. Rxa7 Kd8 38. Rxh5 Rc7
39. Rh8+ Kd7 40. Rh7+ 1-0

[Event "Michigan Senior"]
[Site "Ann Arbor, MI"]
[Date "1997.??.??"]
[Round "3.5"]
[White "Santiago, Reynaldo"]
[Black "Foord, Allan"]
[Result "1-0"]
[WhiteElo "2035"]
[BlackElo "1605"]
[PlyCount "111"]
[EventDate "1997.??.??"]

{3/(5)} 1. e4 c5 2. Nc3 Nc6 3. g3 Nf6 4. Bg2 d6 5. h3 e6 6. d3 Be7 7. f4 a6 8.
Be3 Qc7 9. g4 b5 10. g5 Nd7 11. Qd2 Bb7 12. Nge2 Nb6 13. O-O O-O-O 14. a4 b4
15. Nd1 d5 16. a5 Na8 17. Ng3 Nxa5 18. Qf2 d4 19. Bd2 h6 20. gxh6 gxh6 21. Nh5
Rdg8 22. Qe2 f5 23. Nf2 Rg6 24. Kh2 Rhg8 25. Rg1 e5 26. Bf3 Rxg1 27. Rxg1 Rxg1
28. Kxg1 fxe4 29. Bxe4 exf4 30. Bxf4 Bd6 31. Bxh6 Nb6 32. Nf6 Bh2+ 33. Kf1 Qg3
34. Qg4+ Qxg4 35. hxg4 Nc6 36. Bf8 Be5 37. g5 Bxf6 38. gxf6 Nd7 39. Bf5 Kd8 40.
Bxd7 Kxd7 41. Bxc5 Ke6 42. Ne4 a5 43. f7 Kxf7 44. Nd6+ Ke6 45. Nxb7 a4 46. Ke2
Kd5 47. Kd2 Ke5 48. Bf8 Kd5 49. Kc1 Ke5 50. Nc5 a3 51. bxa3 bxa3 52. Nb3 a2 53.
Kb2 Kd5 54. Kxa2 Ne5 55. Bg7 Nc6 56. Bxd4 1-0

[Event "Lansing (MOR/1b/1)"]
[Site "?"]
[Date "1997.??.??"]
[Round "?"]
[White "Sanborn, Richard"]
[Black "Underhill, R."]
[Result "1-0"]
[WhiteElo "1770"]
[BlackElo "1605"]
[PlyCount "49"]
[EventDate "1997.??.??"]

1. e4 c5 2. Nf3 e6 3. d4 cxd4 4. Nxd4 d6 5. c4 Nf6 6. Nc3 a6 7. Be2 Be7 8. O-O
Bd7 9. Be3 Nc6 10. h3 e5 11. Nf5 Bxf5 12. exf5 Qd7 13. g4 g6 14. g5 gxf5 15.
gxf6 Rg8+ 16. Kh2 Bxf6 17. Nd5 Bh8 18. Nb6 Qd8 19. Nxa8 Qxa8 20. Qxd6 e4 21.
Bf4 b5 22. Rad1 Qb7 23. cxb5 axb5 24. Rd5 Qc8 25. Bxb5 1-0

[Event "Lansing (MOR/5/19)"]
[Site "?"]
[Date "1997.??.??"]
[Round "?"]
[White "Sanborn, Richard"]
[Black "Turner, A."]
[Result "1-0"]
[WhiteElo "1770"]
[BlackElo "1605"]
[PlyCount "51"]
[EventDate "1997.??.??"]

{5/(19)} 1. e4 c5 2. Nf3 d6 3. d4 cxd4 4. Nxd4 Nf6 5. Nc3 a6 6. Be2 e6 7. O-O
Nbd7 8. f4 b5 9. a3 Bb7 10. Bf3 Qc7 11. g4 Nb6 12. g5 Nfd7 13. Nce2 Be7 14. Ng3
O-O 15. h4 d5 16. e5 Rac8 17. c3 Nc4 18. Bg4 Bc5 19. Kh2 Rfe8 20. h5 Qb6 21.
Nge2 Bxd4 22. Nxd4 Nb8 23. g6 hxg6 24. hxg6 fxg6 25. Qd3 Kf7 26. Kg3 {
[Remainder of scoresheet illegible]} 1-0

[Event "Lansing (MOR/3/10)"]
[Site "?"]
[Date "1997.??.??"]
[Round "?"]
[White "Sanborn, Richard"]
[Black "Saylor, Oliver"]
[Result "0-1"]
[WhiteElo "1770"]
[BlackElo "1605"]
[PlyCount "102"]
[EventDate "1997.??.??"]

{3/(10)} 1. e4 e5 2. f4 Nc6 3. Nf3 d6 4. Bb5 Bd7 5. O-O Be7 6. d3 a6 7. Bxc6
Bxc6 8. Nc3 Bf6 9. Qe2 Ne7 10. fxe5 dxe5 11. Be3 O-O 12. Rf2 Ng6 13. Raf1 Be7
14. a3 Nf4 15. Qd2 Ng6 16. g3 f6 17. h4 h5 18. Qe2 b6 19. Nh2 Be8 20. Rf5 Nh8
21. Nd5 Bc5 22. Bxc5 bxc5 23. b3 Bg6 24. R5f2 c6 25. Ne3 Qd6 26. g4 hxg4 27.
Qxg4 Ra7 28. h5 Be8 29. Qxg7+ Rxg7+ 30. Kh1 Bxh5 31. Nf5 Qd7 32. Nxg7 Kxg7 33.
Rg1+ Ng6 34. Rfg2 Qh3 35. Rg3 Qe6 36. R1g2 Rh8 37. Kg1 Kf7 38. Nf1 Nf4 39. Rh2
Ne2+ 40. Rxe2 Bxe2 41. Ne3 Rg8 42. Rxg8 Kxg8 43. Nf5 Qe8 44. Kf2 Qh5 45. Ne7+
Kf7 46. Nxc6 Qf3+ 47. Ke1 Qe3 48. Nd4 exd4 49. e5 Bxd3+ 50. Kd1 Qe2+ 51. Kc1
Qxc2# 0-1

[Event "Kalamazoo (MI Am/2/15)"]
[Site "?"]
[Date "1997.??.??"]
[Round "?"]
[White "Sanborn, Richard"]
[Black "Neely, Richard"]
[Result "1-0"]
[WhiteElo "1770"]
[BlackElo "1605"]
[PlyCount "63"]
[EventDate "1997.??.??"]

{2/(15)} 1. e4 d6 2. d4 Nf6 3. Bd3 g6 4. f4 Bg4 5. Nf3 Bg7 6. O-O O-O 7. h3
Bxf3 8. Qxf3 Nc6 9. c3 e5 10. fxe5 dxe5 11. d5 Ne7 12. Be3 c6 13. c4 cxd5 14.
cxd5 b6 15. Nc3 Rc8 16. Rf2 Qd6 17. Raf1 Nd7 18. Nb5 Qf6 19. Qg3 Nf5 20. exf5
Qd8 21. fxg6 fxg6 22. Bg5 Nf6 23. Qxe5 Qxd5 24. Qxd5+ Nxd5 25. Rxf8+ Bxf8 26.
Nxa7 Bc5+ 27. Kh1 Ra8 28. Bc4 Rxa7 29. Bxd5+ Kg7 30. g4 h6 31. Bf6+ Kh7 32. Bc3
1-0

[Event "Kalamazoo (MI Am/5/1)"]
[Site "?"]
[Date "1997.??.??"]
[Round "?"]
[White "Sanborn, Richard"]
[Black "Jendras, Gerard"]
[Result "0-1"]
[WhiteElo "1770"]
[BlackElo "1860"]
[PlyCount "96"]
[EventDate "1997.??.??"]

{5/(1)} 1. e4 e5 2. Nf3 Nc6 3. Bc4 Nf6 4. Nc3 Nxe4 5. Bxf7+ Kxf7 6. Nxe4 d5 7.
Neg5+ Kg8 8. c3 h6 9. Nh3 e4 10. Nfg1 Ne5 11. Nf4 Bf5 12. d4 exd3 13. Nf3 Qd6
14. Nd4 Bg4 15. f3 Bd7 16. O-O c5 17. Nb3 c4 18. Nd4 Kh7 19. Be3 Be7 20. Qd2
Rhf8 21. Rae1 b5 22. Nh5 Rae8 23. Bf4 Bf6 24. Nxf6+ Qxf6 25. Bg3 a5 26. f4 Nf7
27. h3 Nd6 28. Qd1 Ne4 29. Bh2 b4 30. Qa1 h5 31. Kh1 Nd2 32. Rxe8 Rxe8 33. Rf2
Ne4 34. Rf1 Bf5 35. Qd1 g6 36. g4 hxg4 37. hxg4 Qh4 38. Qe1 Qxe1 39. Rxe1 d2
40. Rf1 Bxg4 41. f5 gxf5 42. cxb4 Bf3+ 43. Kg1 Rg8+ 44. Bg3 Rxg3+ 45. Kh2 Rg2+
46. Kh3 Ng5+ 47. Kh4 Kg6 48. Nxf3 Rg4# 0-1

[Event "Lansing (MOR/7/7)"]
[Site "?"]
[Date "1997.??.??"]
[Round "?"]
[White "Sanborn, Richard"]
[Black "Foord, Allan"]
[Result "1/2-1/2"]
[WhiteElo "1770"]
[BlackElo "1605"]
[PlyCount "38"]
[EventDate "1997.??.??"]

{7/(7)} 1. e4 c5 2. Nf3 d6 3. d4 cxd4 4. Nxd4 Nf6 5. Nc3 a6 6. Be2 e6 7. Be3
Be7 8. O-O Bd7 9. f4 Qc7 10. g4 Nc6 11. g5 Nxd4 12. Bxd4 e5 13. gxf6 exd4 14.
Nd5 Qc5 15. b4 Qa7 16. fxe7 d3+ 17. Kg2 dxe2 18. Qxe2 Rc8 19. Rf2 Qd4 1/2-1/2